| 000 | 00492nam a2200205Ia 4500 | ||
|---|---|---|---|
| 008 | 210210b2006 xxu||||| |||| 00| 0 eng d | ||
| 020 | _a8181920759 | ||
| 041 | _aeng | ||
| 082 | _a428 BANT | ||
| 100 | _aBANSAL (Aarti) | ||
| 245 | _aTechnical writing for communication | ||
| 260 |
_aJaipur _bSublime Publications _c2006 |
||
| 300 | _avi,232 | ||
| 650 | _awriting | ||
| 650 | _aTechnical | ||
| 650 | _afor | ||
| 650 | _acommunication | ||
| 690 | _aEnglish Usage | ||
| 906 | _aSG04986 | ||
| 999 |
_c117878 _d117878 |
||